000 00322nam a22001457a 4500
020 _a81-7180-937-5
082 _a894.812.3
_bKUM/M
100 _aKUMAR,M. S
245 _aMITTAYI MANIYAN
250 _aSECOND
260 _aKOZHIKODE
_bPOORNA PUBLICATIONS
_c2008
300 _a72
650 _aSTORY
_zKOZHIKODE
942 _cBK
999 _c7122
_d7122